| 000 | 00000nam##2200000za#4500 |
| 001 | 9.540642 |
| 003 | CaOODSP |
| 005 | 20210615085434 |
| 007 | ta |
| 008 | 150406|2004||||xxc||||| f|0| 0 eng|d |
| 020 | |a0-660-62716-7 |
| 040 | |aCaOODSP|beng |
| 041 | |aeng |
| 041 | |afre |
| 043 | |an-cn--- |
| 086 | 1 |aXC50-381/1-1-01 |
| 110 | 1 |aCanada. |bParliament. |bHouse of Commons. |
| 245 | 14|aThe Great Lakes Charter Annex 2001 implementing agreements |
| 260 | |bHouse of Commons |c2004. |
| 300 | |aEnglish text, viii, 41p. ; |c28 cm. |
| 490 | 1 |aReport of the Standing Committee on Environment and Sustainable Development |
| 520 | 3 |aIn this report, the Committee presents the results of its study of the implementing agreements and its recommendations on how the federal government should respond to them. Released in July 2004 for a 90-day discussion period, the two draft implementing agreements apply to an annex to the Great Lakes Charter signed in 2001 by the governors of the Great Lakes states and the premiers of Ontario and Quebec. |
| 563 | |aSoftcover |
| 590 | |a04-51|b2004-12-17 |
| 792 | |tEntentes de mise en oeuvre de l'annexe de 2001 de la charte des Grands Lacs |efre|w(CaOODSP)9.540643 |
| 830 | #0|aReport of the Standing Committee on Environment and Sustainable Development.|w(CaOODSP)9.511064 |